<?xml version="1.0" encoding="UTF-8"?>
<record
    xmlns:xsi="http://www.w3.org/2001/XMLSchema-instance"
    xsi:schemaLocation="http://www.loc.gov/MARC21/slim http://www.loc.gov/standards/marcxml/schema/MARC21slim.xsd"
    xmlns="http://www.loc.gov/MARC21/slim">

  <leader>00563nam a22001577a 4500</leader>
  <controlfield tag="003">OSt</controlfield>
  <controlfield tag="005">20151119140922.0</controlfield>
  <controlfield tag="008">151119b        xxu||||| |||| 00| 0 eng d</controlfield>
  <datafield tag="040" ind1=" " ind2=" ">
    <subfield code="c">RUA </subfield>
  </datafield>
  <datafield tag="082" ind1=" " ind2=" ">
    <subfield code="a">FIS &#x1787;&#x17BB;&#x1793; 1995 B160 Or.1</subfield>
  </datafield>
  <datafield tag="100" ind1=" " ind2=" ">
    <subfield code="9">3931</subfield>
    <subfield code="a">&#x1787;&#x17BB;&#x1793;&#x200B; &#x179F;&#x17BC;&#x1795;&#x17B6;&#x178F;</subfield>
  </datafield>
  <datafield tag="245" ind1=" " ind2=" ">
    <subfield code="a">Shrimp culture in kompot district of kompot province,  &#x1780;&#x17B6;&#x179A;&#x1785;&#x17B7;&#x1789;&#x17D2;&#x1785;&#x17B9;&#x17BB;&#x1798;&#x200B;&#x1794;&#x1784;&#x17D2;&#x1782;&#x17B6;&#x1780;&#x17D2;&#x1793;&#x17BB;&#x1784;&#x179F;&#x17D2;&#x179A;&#x17BB;&#x1780;&#x1780;&#x17C6;&#x1796;&#x178F; &#x1781;&#x17C1;&#x178F;&#x17D2;&#x178F;&#x1780;&#x17C6;&#x1796;&#x178F;, </subfield>
  </datafield>
  <datafield tag="260" ind1=" " ind2=" ">
    <subfield code="a">Phnom Penh </subfield>
    <subfield code="b">RUA </subfield>
    <subfield code="c">1995 </subfield>
  </datafield>
  <datafield tag="300" ind1=" " ind2=" ">
    <subfield code="a">96p.</subfield>
    <subfield code="b">ill.</subfield>
    <subfield code="c">29cm.</subfield>
  </datafield>
  <datafield tag="942" ind1=" " ind2=" ">
    <subfield code="2">ddc</subfield>
    <subfield code="c">FIS</subfield>
  </datafield>
  <datafield tag="999" ind1=" " ind2=" ">
    <subfield code="c">3657</subfield>
    <subfield code="d">3657</subfield>
  </datafield>
  <datafield tag="952" ind1=" " ind2=" ">
    <subfield code="0">0</subfield>
    <subfield code="1">0</subfield>
    <subfield code="2">ddc</subfield>
    <subfield code="4">0</subfield>
    <subfield code="6">FIS_&#x1787;&#x17BB;&#x1793;_1995_000000000000000_B160_OR_1</subfield>
    <subfield code="7">0</subfield>
    <subfield code="9">17995</subfield>
    <subfield code="a">LBB</subfield>
    <subfield code="b">LBB</subfield>
    <subfield code="c">B160</subfield>
    <subfield code="d">2015-11-19</subfield>
    <subfield code="o">FIS &#x1787;&#x17BB;&#x1793; 1995 B160 Or.1</subfield>
    <subfield code="p">RUA010236</subfield>
    <subfield code="r">2015-11-19</subfield>
    <subfield code="w">2015-11-19</subfield>
    <subfield code="y">FIS</subfield>
  </datafield>
  <datafield tag="952" ind1=" " ind2=" ">
    <subfield code="0">0</subfield>
    <subfield code="1">0</subfield>
    <subfield code="2">ddc</subfield>
    <subfield code="4">0</subfield>
    <subfield code="6">FIS_&#x1787;&#x17BB;&#x1793;_1995_000000000000000_B160_OR_2</subfield>
    <subfield code="7">0</subfield>
    <subfield code="9">17996</subfield>
    <subfield code="a">LBB</subfield>
    <subfield code="b">LBB</subfield>
    <subfield code="c">B160</subfield>
    <subfield code="d">2015-11-19</subfield>
    <subfield code="l">1</subfield>
    <subfield code="o">FIS &#x1787;&#x17BB;&#x1793; 1995 B160 Or.2</subfield>
    <subfield code="p">RUA011415</subfield>
    <subfield code="r">2018-02-19</subfield>
    <subfield code="s">2018-01-24</subfield>
    <subfield code="w">2015-11-19</subfield>
    <subfield code="y">FIS</subfield>
  </datafield>
  <datafield tag="952" ind1=" " ind2=" ">
    <subfield code="0">0</subfield>
    <subfield code="1">0</subfield>
    <subfield code="2">ddc</subfield>
    <subfield code="4">0</subfield>
    <subfield code="6">FIS_&#x1787;&#x17BB;&#x1793;_1995_000000000000000_B160_OR_3</subfield>
    <subfield code="7">0</subfield>
    <subfield code="9">17997</subfield>
    <subfield code="a">LBB</subfield>
    <subfield code="b">LBB</subfield>
    <subfield code="c">B160</subfield>
    <subfield code="d">2015-11-19</subfield>
    <subfield code="o">FIS &#x1787;&#x17BB;&#x1793; 1995 B160 Or.3</subfield>
    <subfield code="p">RUA011538</subfield>
    <subfield code="r">2015-11-19</subfield>
    <subfield code="w">2015-11-19</subfield>
    <subfield code="y">FIS</subfield>
  </datafield>
  <datafield tag="952" ind1=" " ind2=" ">
    <subfield code="0">0</subfield>
    <subfield code="1">0</subfield>
    <subfield code="2">ddc</subfield>
    <subfield code="4">0</subfield>
    <subfield code="6">FIS_&#x1787;&#x17BB;&#x1793;_1995_000000000000000_B160_OR_4</subfield>
    <subfield code="7">0</subfield>
    <subfield code="9">17998</subfield>
    <subfield code="a">LBB</subfield>
    <subfield code="b">LBB</subfield>
    <subfield code="c">B160</subfield>
    <subfield code="d">2015-11-19</subfield>
    <subfield code="o">FIS &#x1787;&#x17BB;&#x1793; 1995 B160 Or.4</subfield>
    <subfield code="p">RUA011931</subfield>
    <subfield code="r">2015-11-19</subfield>
    <subfield code="w">2015-11-19</subfield>
    <subfield code="y">FIS</subfield>
  </datafield>
  <datafield tag="952" ind1=" " ind2=" ">
    <subfield code="0">0</subfield>
    <subfield code="1">0</subfield>
    <subfield code="2">ddc</subfield>
    <subfield code="4">0</subfield>
    <subfield code="6">FIS_&#x1787;&#x17BB;&#x1793;_1995_000000000000000_B160_OR_5</subfield>
    <subfield code="7">0</subfield>
    <subfield code="9">17999</subfield>
    <subfield code="a">LBB</subfield>
    <subfield code="b">LBB</subfield>
    <subfield code="c">B160</subfield>
    <subfield code="d">2015-11-19</subfield>
    <subfield code="o">FIS &#x1787;&#x17BB;&#x1793; 1995 B160 Or.5</subfield>
    <subfield code="p">RUA011421</subfield>
    <subfield code="r">2015-11-19</subfield>
    <subfield code="w">2015-11-19</subfield>
    <subfield code="y">FIS</subfield>
  </datafield>
  <datafield tag="952" ind1=" " ind2=" ">
    <subfield code="0">0</subfield>
    <subfield code="1">0</subfield>
    <subfield code="2">ddc</subfield>
    <subfield code="4">0</subfield>
    <subfield code="6">FIS_&#x1787;&#x17BB;&#x1793;_1995_000000000000000_B160_OR_6</subfield>
    <subfield code="7">0</subfield>
    <subfield code="9">18000</subfield>
    <subfield code="a">LBB</subfield>
    <subfield code="b">LBB</subfield>
    <subfield code="c">B160</subfield>
    <subfield code="d">2015-11-19</subfield>
    <subfield code="o">FIS &#x1787;&#x17BB;&#x1793; 1995 B160 Or.6</subfield>
    <subfield code="p">RUA011193</subfield>
    <subfield code="r">2015-11-19</subfield>
    <subfield code="w">2015-11-19</subfield>
    <subfield code="y">FIS</subfield>
  </datafield>
  <datafield tag="952" ind1=" " ind2=" ">
    <subfield code="0">0</subfield>
    <subfield code="1">0</subfield>
    <subfield code="2">ddc</subfield>
    <subfield code="4">0</subfield>
    <subfield code="6">FIS_&#x1787;&#x17BB;&#x1793;_1995_000000000000000_B160_OR_7</subfield>
    <subfield code="7">0</subfield>
    <subfield code="9">18001</subfield>
    <subfield code="a">LBB</subfield>
    <subfield code="b">LBB</subfield>
    <subfield code="c">B160</subfield>
    <subfield code="d">2015-11-19</subfield>
    <subfield code="o">FIS &#x1787;&#x17BB;&#x1793; 1995 B160 Or.7</subfield>
    <subfield code="p">RUA011930</subfield>
    <subfield code="r">2015-11-19</subfield>
    <subfield code="w">2015-11-19</subfield>
    <subfield code="y">FIS</subfield>
  </datafield>
  <datafield tag="952" ind1=" " ind2=" ">
    <subfield code="0">0</subfield>
    <subfield code="1">0</subfield>
    <subfield code="2">ddc</subfield>
    <subfield code="4">0</subfield>
    <subfield code="6">FIS_&#x1787;&#x17BB;&#x1793;_1995_000000000000000_B160_OR_8</subfield>
    <subfield code="7">0</subfield>
    <subfield code="9">18002</subfield>
    <subfield code="a">LBB</subfield>
    <subfield code="b">LBB</subfield>
    <subfield code="c">B160</subfield>
    <subfield code="d">2015-11-19</subfield>
    <subfield code="o">FIS &#x1787;&#x17BB;&#x1793; 1995 B160 Or.8</subfield>
    <subfield code="p">RUA010366</subfield>
    <subfield code="r">2015-11-19</subfield>
    <subfield code="w">2015-11-19</subfield>
    <subfield code="y">FIS</subfield>
  </datafield>
  <datafield tag="952" ind1=" " ind2=" ">
    <subfield code="0">0</subfield>
    <subfield code="1">0</subfield>
    <subfield code="2">ddc</subfield>
    <subfield code="4">0</subfield>
    <subfield code="6">FIS_&#x1787;&#x17BB;&#x1793;_1995_000000000000000_B160_OR_9</subfield>
    <subfield code="7">0</subfield>
    <subfield code="9">37067</subfield>
    <subfield code="a">LBB</subfield>
    <subfield code="b">LBB</subfield>
    <subfield code="d">2016-02-04</subfield>
    <subfield code="o">FIS &#x1787;&#x17BB;&#x1793; 1995 B160 Or.9</subfield>
    <subfield code="p">RUA011707</subfield>
    <subfield code="r">2016-02-04</subfield>
    <subfield code="w">2016-02-04</subfield>
    <subfield code="y">FIS</subfield>
  </datafield>
</record>
